00623nam a2200193Ia 4500008004100000020001500041041001200056082001600068100001500084245006400099250000800163260002500171300000900196650002100205700001400226942000700240999001500247952016700262221030s9999 xx 000 0 und d a0074637363 aEnglish a105.23bMil aJ. Millman 0aMicroelectronics ( DEPARTMENTAL )cby J. Millman, A. Grabel a2nd bTMHaNew Delhic2001 a1001 aECE Departmental aA. Grabel cBK c1311d1311 pBE 4769g320.00l0o105.23 Milr2022-10-30 00:00:00w2022-10-30yBK003Print4070aMIETLIBbMIETLIBcBL-Departmental, FL-1, CUP-11, SH-1, R-1d2002-01-2210HBE